[Event "TCh-FRA Top 12 2017"]
[Site "Chartres FRA"]
[Date "2017.05.21"]
[Round "4.5"]
[White "Li Chao2"]
[Black "Neiksans,A"]
[Result "1-0"]
[WhiteElo "2722"]
[BlackElo "2599"]

1.d4 Nf6 2.c4 e6 3.Nc3 Bb4 4.Nf3 b6 5.e3 Bb7 6.Bd3 O-O 7.O-O d5 8.cxd5 exd5
9.Bd2 Nbd7 10.Rc1 a6 11.Ne5 Bd6 12.f4 Ne4 13.Nxe4 dxe4 14.Bc4 Nf6 15.Qb3 Qe7
16.Be1 b5 17.Bh4 Ra7 18.Be2 Qe6 19.Bxf6 gxf6 20.Nc6 Qxb3 21.axb3 Raa8 22.Bg4
a5 23.Be2 Bxc6 24.Rxc6 Rfb8 25.Ra1 a4 26.Kf2 axb3 27.Rb1 Ra4 28.Bd1 Rc4 29.Rc1
Ra8 30.Bxb3 Rxc6 31.Rxc6 f5 32.Bd5 Ra5 33.Rc1 Kg7 34.Ke2 Kf6 35.Kd2 h6 36.Bc6
Ra4 37.Rb1 Ra5 38.Kc2 b4 39.Kb3 Ra6 40.Rc1 Ra5 41.g3 Ke7 42.Rg1 h5 43.Rc1 Kf6
44.Kc2 Ke7 45.Kb1 Kf6 46.Kc2 Ke7 47.Rg1 Kf6 48.h3 Ke7 49.Kb3 Ke6 50.Kc4 Ke7
51.g4 hxg4 52.hxg4 fxg4 53.Rxg4 Ra2 54.Kb3 Ra1 55.f5 Kf6 56.Rxe4 Rc1 57.Bd5 c5
58.Rh4 cxd4 59.exd4 Kg5 60.Rh7 Rc7 61.Bxf7 Kxf5 62.Rh5+ Ke4 63.Bc4 Rg7 64.Rh4+
Ke3 65.Rh6 Bf4 66.Rf6 Rd7 67.d5 Be5 68.Rb6 Bd6 69.Bb5 Rd8 70.Kc4 Ke4 71.Rb7
Rh8 72.Rg7 Rh2 73.Rg6 Be5 74.d6 Rc2+ 75.Kxb4 Rxb2+ 76.Kc5 Rd2 77.d7 Kf5 78.Rg8
Bf6 79.Re8 Bd4+ 80.Kc6 Bf6 81.Bc4 Rc2 82.Kc5 Rd2 83.Bd5 Bh4 84.Re4 Bd8 85.Kd6
Rb2 86.Re8 Rb8 87.Bb7 Kg5 88.Ke6 Kf4 89.Kf7 Kg3 90.Rg8+ Kf4 91.Re8 Kg3 92.Bc8
Ba5 93.Re5 Bc7 94.Rc5 Bd8 95.Ke8 Bf6 96.Rc6 Bh4 97.Rg6+ Kf3 98.Rg4 Bf6 99.Rg7
Rb4 100.Rf7 Re4+ 101.Kf8 Rf4 102.Rxf6 Rxf6+ 103.Ke7 {#r} 1-0

[Event "TCh-FRA Top 12 2017"]
[Site "Chartres FRA"]
[Date "2017.05.21"]
[Round "4.5"]
[White "David,Alb"]
[Black "Palac,M"]
[Result "1-0"]
[WhiteElo "2548"]
[BlackElo "2573"]

1.e4 c5 2.Nf3 d6 3.Bb5+ Nd7 4.c3 Nf6 5.Qe2 a6 6.Ba4 b5 7.Bc2 Bb7 8.d4 e6 9.O-O
Be7 10.Re1 O-O 11.Nbd2 Qc7 12.Nf1 Rfc8 13.Bd3 cxd4 14.cxd4 e5 15.Ng3 exd4
16.Nxd4 Re8 17.Bf4 Bf8 18.Rac1 Qb6 19.Ndf5 Nc5 20.Qf3 d5 21.e5 d4 22.Qd1 Nd5
23.Bg5 Nxd3 24.Qxd3 Nb4 25.Qd1 Qg6 26.Bf4 Nxa2 27.Rc7 Qb6 28.e6 Rxe6 29.Rxe6
Qxe6 30.Rxb7 Rd8 31.Bg5 Rd5 32.Ne7+ Bxe7 33.Rxe7 Qc6 34.Qc2 {#r} 1-0

[Event "TCh-FRA Top 12 2017"]
[Site "Chartres FRA"]
[Date "2017.05.21"]
[Round "4.5"]
[White "Marcelin,C"]
[Black "Rambaldi,Francesco"]
[Result "0-1"]
[WhiteElo "2472"]
[BlackElo "2542"]

1.e4 e6 2.d4 d5 3.Nc3 Nf6 4.exd5 exd5 5.Bg5 Be7 6.Bd3 Nc6 7.Nge2 Nb4 8.Ng3 h6
9.Bf4 Nxd3+ 10.Qxd3 O-O 11.O-O Be6 12.Rae1 Qd7 13.Be5 Ng4 14.f4 Nxe5 15.Rxe5
f6 16.Re3 Rfe8 17.Rfe1 Bf8 18.f5 Bf7 19.Rxe8 Rxe8 20.Rxe8 Qxe8 21.Kf2 c5
22.Nce2 Qa4 23.a3 c4 24.Qd2 b5 25.c3 a5 26.Qc1 b4 27.axb4 axb4 28.cxb4 Qxb4
29.Nc3 Bd6 30.Qd2 Qb8 31.Nce2 Be8 32.Qa5 Bc6 33.Qd2 Kh7 34.Kf3 Bd7 35.Kf2 Qb3
36.Nc3 Qb7 37.Nce2 Qb8 38.Kf1 h5 39.Nxh5 Bxf5 40.Nhg3 Bd3 41.Kf2 Qb6 42.Kf3
Bc7 43.Kf2 Bb8 44.Kf3 Bc7 45.Kf2 Be5 46.Qc3 f5 47.Ke1 {#R} 0-1

[Event "TCh-FRA Top 12 2017"]
[Site "Chartres FRA"]
[Date "2017.05.21"]
[Round "4.5"]
[White "Sulava,N"]
[Black "Relange,E"]
[Result "1-0"]
[WhiteElo "2468"]
[BlackElo "2464"]

1.Nf3 Nf6 2.d4 g6 3.c4 Bg7 4.Nc3 O-O 5.Bg5 d6 6.e3 h6 7.Bh4 e6 8.h3 c5 9.Be2
cxd4 10.Nxd4 a6 11.O-O Nc6 12.Rc1 Qe7 13.Qb3 Nxd4 14.exd4 Rb8 15.Bg3 e5 16.c5
Nh5 17.cxd6 Qxd6 18.Bxh5 gxh5 19.dxe5 Qg6 20.Nd5 Kh8 21.e6 Bxe6 22.Bxb8 Qg5
23.Bf4 Bxd5 24.Bxg5 Bxb3 25.axb3 hxg5 26.Rc5 Bf6 27.Rd1 Re8 28.Kf1 Kg7 29.Rd7
b5 30.Rcc7 Rf8 31.Ra7 Bxb2 32.Rxa6 b4 33.Rd5 f6 34.h4 gxh4 35.Rxh5 Rc8 36.Rxh4
Rc1+ 37.Ke2 Bc3 38.Kd3 Kg6 39.Rb6 Rd1+ 40.Kc4 Rd2 41.Rg4+ Kh5 42.f3 f5 43.Rg8
Rd4+ 44.Kc5 Rd7 45.g4+ fxg4 46.fxg4+ Kh4 47.Rxb4 Bxb4+ 48.Kxb4 Rb7+ 49.Kc3
Rc7+ 50.Kb2 Rb7 51.Rg6 {#r} 1-0

[Event "TCh-FRA Top 12 2017"]
[Site "Chartres FRA"]
[Date "2017.05.21"]
[Round "4.6"]
[White "Bachmann,Ax"]
[Black "Sanikidze,T"]
[Result "1-0"]
[WhiteElo "2646"]
[BlackElo "2518"]

1.c4 e6 2.Nf3 Nf6 3.b3 Be7 4.Bb2 O-O 5.g3 d5 6.Bg2 b6 7.O-O Bb7 8.e3 Nbd7
9.Qe2 c5 10.d3 Rc8 11.Nbd2 Rc7 12.e4 d4 13.e5 Ne8 14.Ne1 Qb8 15.f4 g6 16.Bc1
Ng7 17.Ne4 f5 18.exf6 Nxf6 19.Bd2 Nxe4 20.Bxe4 Bxe4 21.Qxe4 Bf6 22.Nf3 Re7
23.b4 Nf5 24.bxc5 bxc5 25.Rab1 Qc7 26.Ne5 Nd6 27.Qg2 Bxe5 28.fxe5 Rxf1+
29.Rxf1 Nf7 30.Qa8+ Qd8 31.Qc6 Qb6 32.Qc8+ Qd8 33.Qxc5 Rc7 34.Qb5 Qc8 35.Qb2
Rd7 36.Qb5 Rb7 37.Qa5 Kg7 38.Bb4 Qc6 39.Qc5 Qe8 40.a3 Rd7 41.Qb5 Qc8 42.Bd6
Rb7 43.Qa6 Ng5 44.Bf8+ Kg8 45.Bb4 Nf7 46.Rf6 Kg7 47.Qxe6 Qxe6 48.Rxe6 a5
49.Bc5 Ng5 50.Rf6 Rb1+ 51.Kg2 Rb2+ 52.Kf1 Rb3 53.Ke2 h5 54.Bxd4 {#r} 1-0

[Event "TCh-FRA Top 12 2017"]
[Site "Chartres FRA"]
[Date "2017.05.21"]
[Round "4.6"]
[White "Shoker,S"]
[Black "Nataf,IA"]
[Result "1-0"]
[WhiteElo "2498"]
[BlackElo "2535"]

1.g3 g6 2.Bg2 Bg7 3.d3 e5 4.Nf3 d6 5.O-O Nf6 6.c4 O-O 7.Nc3 Nc6 8.Rb1 a5 9.a3
h6 10.b4 axb4 11.axb4 Be6 12.b5 Ne7 13.Bb2 Qd7 14.Re1 Bh3 15.Bh1 Ng4 16.Qb3 f5
17.c5+ Kh7 18.b6 dxc5 19.bxc7 Qxc7 20.Ba1 Rab8 21.Qb6 Qxb6 22.Rxb6 Nc8 23.Rb5
b6 24.Reb1 e4 25.dxe4 Nd6 26.exf5 Nxb5 27.fxg6+ Kh8 28.Nxb5 Bxa1 29.Rxa1 Ra8
30.Re1 Ra2 31.Bg2 Bxg2 32.Kxg2 Re8 33.h3 Nf6 34.Kf1 Rea8 35.Nc7 R8a7 36.Ne6
Ra1 37.Ne5 Rxe1+ 38.Kxe1 Kg8 39.Nf7 h5 40.Nh6+ Kh8 41.f4 c4 42.g4 hxg4 43.hxg4
c3 44.g7+ Rxg7 45.Nxg7 Ne4 46.Kd1 Kxg7 47.Nf5+ Kf6 48.Kc2 b5 49.Nd4 b4 50.Kb3
Ng3 51.e3 Nf1 52.Nc2 Nh2 53.g5+ {#r} 1-0

[Event "TCh-FRA Top 12 2017"]
[Site "Chartres FRA"]
[Date "2017.05.21"]
[Round "4.6"]
[White "Sebag,M"]
[Black "Vernay,C"]
[Result "1-0"]
[WhiteElo "2488"]
[BlackElo "2501"]

1.e4 e6 2.d4 d5 3.Nd2 Nf6 4.e5 Nfd7 5.Bd3 c5 6.c3 Nc6 7.Ne2 a5 8.Nf3 h6 9.a4
cxd4 10.cxd4 Nb4 11.Bb1 b6 12.O-O Ba6 13.Re1 b5 14.axb5 Bxb5 15.h4 Nb6 16.Nc3
Bc6 17.b3 Be7 18.h5 Bd7 19.Nh2 Rc8 20.Re3 Qc7 21.Qg4 Bf8 22.Rf3 a4 23.bxa4
Nxa4 24.Bd2 Nb2 25.Ne2 Nc6 26.Qf4 Nd8 27.Ba5 Qc4 28.Bxd8 Kxd8 29.Qd2 Bb5
30.Qa5+ Rc7 31.Rxf7 Be7 32.Qb6 Na4 33.Qb8+ Rc8 34.Qa7 Rc7 35.Qa8+ Rc8 36.Qa5+
Kd7 37.Bd3 {#r} 1-0

[Event "TCh-FRA Top 12 2017"]
[Site "Chartres FRA"]
[Date "2017.05.21"]
[Round "4.6"]
[White "Koziak,V"]
[Black "Sharif,Me"]
[Result "1-0"]
[WhiteElo "2507"]
[BlackElo "2363"]

1.Nf3 d5 2.d4 Nf6 3.c4 e6 4.Nc3 Be7 5.Bf4 O-O 6.e3 b6 7.Bd3 c5 8.O-O Nc6
9.cxd5 Nxd5 10.Nxd5 exd5 11.dxc5 bxc5 12.e4 Nb4 13.exd5 Qxd5 14.Bb5 Qf5 15.Bg3
Be6 16.Qe2 Bf6 17.a3 Nd5 18.Rac1 Rac8 19.Rfe1 Nf4 20.Qc2 g5 21.Qxf5 Bxf5
22.Ne5 Rfd8 23.Nc6 Nd3 24.Bxd3 Rxd3 25.Ne7+ Bxe7 26.Rxe7 f6 27.h4 h6 28.Rxa7
Rb3 29.Rc7 Rxc7 30.Bxc7 Rxb2 31.Rxc5 Bd7 32.hxg5 hxg5 33.Bd8 Kf7 34.Rc7 Rd2
35.a4 Rd6 36.Ra7 Ke6 37.a5 Bc8 38.Re7+ Kf5 39.Bb6 Ba6 40.Re3 Re6 41.g4+ {#r}
1-0

[Event "TCh-FRA Top 12 2017"]
[Site "Chartres FRA"]
[Date "2017.05.22"]
[Round "5.1"]
[White "Laznicka,V"]
[Black "Navara,D"]
[Result "0-1"]
[WhiteElo "2672"]
[BlackElo "2739"]

1.Nf3 c5 2.g3 g6 3.Bg2 Bg7 4.d4 cxd4 5.Nxd4 Nc6 6.Nb3 d6 7.O-O h5 8.h4 Be6
9.N1d2 Qd7 10.Nf3 Bh3 11.Bxh3 Qxh3 12.Qd5 Qd7 13.Rd1 Nf6 14.Qd3 O-O 15.Bg5 a5
16.Bxf6 Bxf6 17.c3 a4 18.Nbd4 Rfc8 19.Rac1 Na5 20.e4 Nc4 21.Qc2 b5 22.b3 Ne5
23.Nxe5 Bxe5 24.Qd3 Rc5 25.Nf3 Bg7 26.e5 Rac8 27.exd6 Rxc3 28.Rxc3 Rxc3 29.Qd5
exd6 30.Ng5 Rc2 31.bxa4 bxa4 32.Rb1 Qf5 33.Rb8+ Bf8 34.Qd4 Qe5 35.Qa7 Qd5
36.Rb1 Rxa2 37.Rc1 a3 38.Kh2 Rb2 39.Rc3 Rb1 {#R} 0-1

[Event "TCh-FRA Top 12 2017"]
[Site "Chartres FRA"]
[Date "2017.05.22"]
[Round "5.1"]
[White "Gledura,B"]
[Black "Bachmann,Ax"]
[Result "1-0"]
[WhiteElo "2602"]
[BlackElo "2646"]

1.e4 c5 2.Nf3 Nc6 3.d4 cxd4 4.Nxd4 e6 5.Nc3 Qc7 6.Be3 a6 7.Qd2 Nf6 8.f4 d6
9.O-O-O Bd7 10.Be2 b5 11.Bxb5 axb5 12.Ndxb5 Qa5 13.Nxd6+ Bxd6 14.Qxd6 O-O-O
15.e5 Be8 16.Qc5 Qxc5 17.Bxc5 Nd5 18.Nxd5 exd5 19.Rhe1 h5 20.Bd6 Bd7 21.Rxd5
Be6 22.Rb5 h4 23.Re3 Kd7 24.Rb7+ Ke8 25.Rc3 Rc8 26.b4 h3 27.gxh3 Rxh3 28.Rxh3
Bxh3 29.a4 Bd7 30.a5 Nd4 31.Kd2 Nf3+ 32.Kd1 Bg4 33.Kc1 Nd4 34.Bc5 Ne6 35.Re7+
Kd8 36.Rxf7 Nxc5 37.bxc5 Rc7 38.Rxc7 Kxc7 39.Kd2 Kc6 40.a6 Bc8 41.a7 Kb7
42.Ke3 Kxa7 43.Ke4 Kb7 44.f5 Kc6 45.f6 gxf6 46.exf6 Be6 47.Kf4 Kxc5 48.Kg5 Bf7
49.h4 Kd5 {#r} 1-0

[Event "TCh-FRA Top 12 2017"]
[Site "Chartres FRA"]
[Date "2017.05.22"]
[Round "5.1"]
[White "Istratescu,A"]
[Black "Shoker,S"]
[Result "1-0"]
[WhiteElo "2596"]
[BlackElo "2498"]

1.e4 d6 2.d4 Nf6 3.f3 c5 4.d5 e6 5.c4 b5 6.Ne2 exd5 7.cxd5 g6 8.Ng3 a6 9.a4 b4
10.Nd2 h5 11.Be2 h4 12.Ngf1 Nh5 13.Nc4 h3 14.g3 a5 15.Be3 Ba6 16.Nfd2 Nd7
17.Qc2 Nb6 18.Nxb6 Qxb6 19.Bxa6 Qxa6 20.Nc4 Nf6 21.O-O Nd7 22.Bf4 Be7 23.Rfe1
g5 24.e5 O-O 25.e6 b3 26.Qc1 fxe6 27.Bxd6 Bf6 28.Rxe6 Qb7 29.Rxf6 Rxf6
30.Qxg5+ Kh8 31.Be5 Rf8 32.Bxf6+ Nxf6 33.Rd1 Nh7 34.Qe5+ Kg8 35.Qe6+ Kg7
36.Qxh3 Qe7 37.Qg4+ Kh8 38.Qe4 Qg7 39.Qe5 Nf6 40.d6 Qg6 41.d7 {#r} 1-0

[Event "TCh-FRA Top 12 2017"]
[Site "Chartres FRA"]
[Date "2017.05.22"]
[Round "5.1"]
[White "Vernay,C"]
[Black "Ider,B"]
[Result "0-1"]
[WhiteElo "2501"]
[BlackElo "2456"]

1.d4 e6 2.c4 Bb4+ 3.Nd2 c5 4.e3 cxd4 5.exd4 Nf6 6.Nf3 O-O 7.a3 Be7 8.Bd3 b6
9.O-O d5 10.b3 Bb7 11.Bb2 Nbd7 12.Qe2 Rc8 13.Rfe1 Rc7 14.Qe3 a5 15.Ne5 Qa8
16.Qh3 h6 17.Ng6 Re8 18.Nxe7+ Rxe7 19.a4 Nf8 20.Nb1 Ne4 21.Bxe4 dxe4 22.Nc3
Ng6 23.Qg3 Rcd7 24.Ba3 Re8 25.Nb5 Red8 26.h4 Bc6 27.Bb2 Qb8 28.Qxb8 Rxb8 29.g3
f5 30.Rac1 h5 31.f4 Ne7 32.Kf2 Bb7 33.Ba3 Nc6 34.Red1 Rbd8 35.Ke3 Ba6 36.Rf1
Nb4 37.Bb2 Kf7 38.Bc3 Nd3 39.Ra1 Rc8 40.Na3 Rcd8 41.Nc2 Rc8 42.Ne1 Nxe1
43.Raxe1 Bxc4 44.bxc4 Rxc4 45.Bb2 Rxa4 46.Rc1 Rb4 47.Rc3 b5 48.Ba3 Rb2 49.Bxb2
b4 50.Rc4 Rb7 51.d5 exd5 52.Rc5 a4 53.Rxd5 g6 54.Ra5 a3 55.Bd4 b3 56.Rxa3 b2
57.Bxb2 Rxb2 58.Ra7+ Kf6 59.Ra6+ Kg7 60.Ra7+ Kh6 61.Ra3 Rg2 62.Kd4 Rd2+ 63.Ke3
Rd7 64.Rb3 Kg7 65.Ra3 Rd6 66.Rb3 Kf6 67.Ra3 Ke6 68.Rb3 Kd5 69.Rb8 Rc6 70.Rd8+
Kc4 71.Rd7 Kc3 72.Ke2 Kc2 73.Rd2+ Kb3 74.Rd8 Rc3 75.Kf2 Rc2+ {#R} 0-1

[Event "TCh-FRA Top 12 2017"]
[Site "Chartres FRA"]
[Date "2017.05.22"]
[Round "5.1"]
[White "Frih,A"]
[Black "Riff,JN"]
[Result "0-1"]
[WhiteElo "2225"]
[BlackElo "2476"]

1.Nf3 d5 2.g3 g6 3.Bg2 Bg7 4.d4 Nh6 5.c4 dxc4 6.Qa4+ c6 7.Qxc4 Nf5 8.e3 O-O
9.O-O a5 10.a4 Na6 11.Nc3 Nb4 12.Qe2 b6 13.Rd1 Ba6 14.Qd2 Rc8 15.Na2 c5
16.Nxb4 axb4 17.Bh3 e6 18.Qe1 Qc7 19.b3 Bb7 20.Bg2 Bxf3 21.Bxf3 cxd4 22.e4 d3
23.Rb1 Nd4 24.Rxd3 Qc2 25.Rxd4 Bxd4 {#R} 0-1

[Event "TCh-FRA Top 12 2017"]
[Site "Chartres FRA"]
[Date "2017.05.22"]
[Round "5.2"]
[White "Sanikidze,T"]
[Black "Van Wely,L"]
[Result "1-0"]
[WhiteElo "2518"]
[BlackElo "2663"]

1.d4 d5 2.c4 c6 3.Nf3 Nf6 4.cxd5 cxd5 5.Nc3 Nc6 6.Bf4 Bf5 7.Qb3 Na5 8.Qa4+ Bd7
9.Qc2 Rc8 10.e3 g6 11.h3 Bg7 12.Bd3 Ne4 13.Bxe4 dxe4 14.Ne5 f5 15.O-O O-O
16.Rfd1 Bb5 17.b3 Bxe5 18.Bxe5 Bd3 19.Qb2 Nc6 20.Bf4 e6 21.Bh6 Rf7 22.Rac1 Qf6
23.f4 Rfc7 24.Kh2 Nb4 25.Rd2 Ba6 26.Ne2 Rxc1 27.Nxc1 Qh4 28.Bg5 Qe1 29.d5 Qxc1
30.Qf6 Rf8 31.Qxe6+ Rf7 32.Bh6 Bb5 33.Rd4 Bd7 34.Qd6 b5 35.Rc4 {#r} 1-0

[Event "TCh-FRA Top 12 2017"]
[Site "Chartres FRA"]
[Date "2017.05.22"]
[Round "5.2"]
[White "Tregubov,P"]
[Black "Sebag,M"]
[Result "1-0"]
[WhiteElo "2584"]
[BlackElo "2488"]

1.d4 d5 2.c4 c6 3.Nf3 Nf6 4.e3 Bg4 5.h3 Bh5 6.Nc3 e6 7.Qb3 Qb6 8.Ne5 Nbd7 9.g4
Bg6 10.Nxg6 hxg6 11.g5 Qxb3 12.axb3 Ng8 13.e4 dxc4 14.bxc4 e5 15.dxe5 Nxe5
16.Be3 Nd7 17.Bg2 Bc5 18.Ke2 Bxe3 19.Kxe3 Rh4 20.b4 f6 21.b5 fxg5 22.bxc6 bxc6
23.Ra5 Nb6 24.Rxg5 Nxc4+ 25.Kd3 Nd6 26.Rxg6 Rd8 27.Ke2 Kf7 28.Rg5 Ne7 29.Ra1
Ndc8 30.Ke3 Rh6 31.Bf1 Rhd6 32.Bc4+ Kf8 33.Rh5 Ng6 34.Rg1 Nb6 35.Be2 Re6
36.Rf5+ Ke7 37.Rfg5 Nh4 38.Rxg7+ Kf6 39.Rh7 Nf5+ 40.Kf4 Nd4 41.Bh5 {#r} 1-0

[Event "TCh-FRA Top 12 2017"]
[Site "Chartres FRA"]
[Date "2017.05.22"]
[Round "5.2"]
[White "Rozentalis,E"]
[Black "Van Foreest,Jorden"]
[Result "0-1"]
[WhiteElo "2535"]
[BlackElo "2595"]

1.e4 e5 2.Nf3 Nc6 3.Bb5 Nf6 4.d3 d6 5.O-O Bd7 6.Re1 g6 7.d4 Bg7 8.d5 Ne7
9.Bxd7+ Nxd7 10.c4 h6 11.Nc3 O-O 12.Rb1 f5 13.b4 Nf6 14.Ba3 a5 15.bxa5 Nxe4
16.Nxe4 fxe4 17.Rxe4 Rxa5 18.Qb3 Qa8 19.Bc1 Rxa2 20.Qxb7 Qxb7 21.Rxb7 Ra1
22.Re1 e4 23.Rxc7 Nf5 24.g4 exf3 25.gxf5 Bc3 26.Rf1 Rb8 27.f6 Rbb1 28.f7+ Kf8
{#R} 0-1

[Event "TCh-FRA Top 12 2017"]
[Site "Chartres FRA"]
[Date "2017.05.22"]
[Round "5.3"]
[White "Areshchenko,A"]
[Black "Jobava,Ba"]
[Result "0-1"]
[WhiteElo "2677"]
[BlackElo "2713"]

1.e4 e6 2.d4 d5 3.Nc3 dxe4 4.Nxe4 Bd7 5.Nf3 Bc6 6.Bd3 Nd7 7.c3 Ndf6 8.Nxf6+
gxf6 9.O-O Ne7 10.c4 Qd7 11.Be3 Bg7 12.Qe2 O-O 13.Rad1 Rfe8 14.h4 Rad8 15.h5
Qc8 16.Bb1 Bxf3 17.Qxf3 f5 18.Qg3 Kf8 19.Bf4 c6 20.Rfe1 h6 21.Qe3 Ng8 22.Qa3+
Ne7 23.Qxa7 Kg8 24.Qa3 Rxd4 25.Rxd4 Bxd4 26.Bxh6 c5 27.Qg3+ Kh7 28.Bc1 Rg8
29.Qf3 Nc6 30.Kf1 Ne5 31.Qf4 Rg4 32.Qh2 Qd8 33.f3 Rh4 34.Qg3 Nxc4 35.Ke2 Be5
36.Qf2 Bxb2 37.Rd1 Qf6 38.Qxc5 Bxc1 39.Rxc1 Qg5 40.Rxc4 Qxg2+ {#R} 0-1

[Event "TCh-FRA Top 12 2017"]
[Site "Chartres FRA"]
[Date "2017.05.22"]
[Round "5.3"]
[White "Libiszewski,F"]
[Black "Bellaiche,A"]
[Result "1-0"]
[WhiteElo "2544"]
[BlackElo "2471"]

1.e4 e5 2.Nf3 Nc6 3.Bb5 a6 4.Ba4 Nf6 5.d3 d6 6.c3 Be7 7.Nbd2 b5 8.Bb3 O-O
9.O-O Na5 10.Bc2 c5 11.Re1 Nd7 12.Nf1 Nc6 13.a4 b4 14.Ne3 Rb8 15.Nd2 Na5
16.Nb3 Nxb3 17.Bxb3 a5 18.Nc4 Ra8 19.Be3 Nb6 20.d4 Nxc4 21.Bxc4 cxd4 22.cxd4
Bg5 23.dxe5 Bxe3 24.Rxe3 dxe5 25.Bd5 Rb8 26.Rc1 Qe7 27.Rd3 Be6 28.Bxe6 Qxe6
29.Rc5 Rbc8 30.Rxa5 Qc4 31.Rxe5 b3 32.h4 Qxa4 33.Qxb3 Rc1+ 34.Kh2 Qa7 35.Rd2
Qc7 36.Qg3 g6 37.Red5 Qe7 38.Qf4 Re1 39.e5 Qc7 40.Qf6 Re8 41.f4 Qc1 42.Rd8
Rh1+ 43.Kg3 Qe1+ 44.Kg4 {#r} 1-0

[Event "TCh-FRA Top 12 2017"]
[Site "Chartres FRA"]
[Date "2017.05.22"]
[Round "5.3"]
[White "Wirig,A"]
[Black "Battaglini,G"]
[Result "1-0"]
[WhiteElo "2486"]
[BlackElo "2475"]

1.e4 c6 2.Nc3 d5 3.Nf3 g6 4.d4 dxe4 5.Nxe4 Bf5 6.Bd3 Bg7 7.c3 Nd7 8.O-O Bxe4
9.Bxe4 Ngf6 10.Bc2 O-O 11.Re1 Re8 12.Bf4 a5 13.h3 Qb6 14.Rb1 Rad8 15.Qe2 c5
16.Be5 e6 17.Ba4 Rf8 18.Qb5 Qxb5 19.Bxb5 Nxe5 20.dxe5 Nd5 21.a4 Nb6 22.Rbd1 h5
23.h4 Bh8 24.g3 Bg7 25.Kg2 Bh8 26.Rd2 Nd5 27.Rde2 Ne7 28.Ng5 Bg7 29.f4 Nf5
30.Ne4 Rc8 31.Rd2 Rc7 32.Kf3 Rfc8 33.Red1 Bf8 34.Nf6+ Kh8 35.Ne8 Re7 36.Nd6
Rb8 37.Nc4 Bg7 38.Rd8+ Rxd8 39.Rxd8+ Kh7 40.Nxa5 f6 41.exf6 Bxf6 42.Rd7 Rxd7
43.Bxd7 Nd6 44.Bxe6 Kg7 45.Bd5 b5 46.axb5 Nxb5 47.Nc4 Nc7 48.Bc6 Be7 49.Ne5
Ne6 50.Be4 Nf8 51.Bd3 Kf6 52.Ke4 Ke6 53.Bc4+ Kf6 54.Kd5 Kf5 55.Bd3+ Kf6 56.Nc6
Nd7 57.Nxe7 Kxe7 58.Bxg6 Nb6+ 59.Kxc5 Na4+ 60.Kb4 Nxb2 61.Bc2 {#r} 1-0

[Event "TCh-FRA Top 12 2017"]
[Site "Chartres FRA"]
[Date "2017.05.22"]
[Round "5.4"]
[White "Degraeve,JM"]
[Black "Stephan,V"]
[Result "0-1"]
[WhiteElo "2592"]
[BlackElo "2365"]

1.e4 c5 2.Nc3 a6 3.g3 b5 4.Bg2 Bb7 5.a4 b4 6.Nd5 e6 7.Ne3 d6 8.d3 Nd7 9.f4 Qc7
10.Nf3 Ngf6 11.O-O Be7 12.b3 h6 13.Bb2 O-O-O 14.c3 bxc3 15.Bxc3 d5 16.e5 d4
17.Bxd4 cxd4 18.exf6 Bc5 19.fxg7 dxe3 20.Qe2 Rhg8 21.Rac1 e5 22.fxe5 Bxf3
23.Bxf3 Nxe5 24.b4 Nxd3 25.Rxc5 Nxc5 26.Rc1 Rd2 27.Qxe3 Rd3 28.Qxh6 Qd6 29.Qh5
Qd4+ 30.Kh1 Rc3 31.Rxc3 Qxc3 32.bxc5 Rxg7 33.Qf5+ Kc7 34.Qf4+ Kc8 35.Bg4+ f5
36.Qxf5+ Kb7 37.Qb1+ Ka8 38.Qe4+ Ka7 39.c6 Rf7 40.Kg2 Qc5 41.h4 Re7 42.Qf3 Kb6
43.Bd7 Re3 44.Qf4 Qd5+ 45.Kh3 Qh1+ 46.Kg4 Re4 47.h5 Qd1+ 48.Kg5 Rxf4 49.gxf4
Qxa4 50.h6 Qb4 51.f5 a5 52.f6 Qf8 53.h7 Qh8 54.Kg6 a4 {#R} 0-1

[Event "TCh-FRA Top 12 2017"]
[Site "Chartres FRA"]
[Date "2017.05.22"]
[Round "5.4"]
[White "Coursaget,N"]
[Black "Kveinys,A"]
[Result "0-1"]
[WhiteElo "2311"]
[BlackElo "2520"]

1.d4 Nf6 2.c4 e6 3.Nf3 d5 4.Nc3 Be7 5.Bf4 O-O 6.e3 Nbd7 7.c5 c6 8.Bd3 b6 9.b4
a5 10.a3 h6 11.O-O Ba6 12.b5 Bb7 13.cxb6 Nxb6 14.bxc6 Bxc6 15.Ne5 Be8 16.Nb5
Ne4 17.a4 f6 18.Ng4 Bxb5 19.Nxh6+ gxh6 20.axb5 f5 21.Qh5 Qe8 22.Qxh6 Rf6
23.Qh3 Rg6 24.f3 Ng5 25.Qg3 Nh7 26.Qe1 Bb4 27.Qb1 Rc8 28.Ra2 Nc4 29.e4 Na3
30.Rxa3 Bxa3 31.exf5 Rg7 32.fxe6 Ng5 33.Be5 Nxf3+ 34.Rxf3 Rc1+ 35.Qxc1 Bxc1
36.Bd6 Bg5 37.b6 Bd8 38.e7 Bxe7 39.Be5 Qc6 {#R} 0-1

[Event "TCh-FRA Top 12 2017"]
[Site "Chartres FRA"]
[Date "2017.05.22"]
[Round "5.4"]
[White "Sumets,A"]
[Black "Godard,M"]
[Result "1-0"]
[WhiteElo "2566"]
[BlackElo "2329"]

1.d4 Nf6 2.c4 e6 3.Nc3 Bb4 4.Qc2 c5 5.dxc5 Bxc5 6.Nf3 O-O 7.Bf4 Nh5 8.Bg5 Be7
9.h4 Nc6 10.e4 Nf6 11.e5 Ng4 12.Qe4 f5 13.exf6 Nxf6 14.Bxf6 gxf6 15.O-O-O Bb4
16.Qc2 Qa5 17.Kb1 Bxc3 18.bxc3 Qc5 19.Bd3 Qe7 20.Rh3 a5 21.Ng5 f5 22.g4 fxg4
23.Bxh7+ Kh8 24.Re3 a4 25.Qg6 Ra5 26.Rh1 Ne5 27.Qh6 Rf6 28.Bg6+ Kg8 29.Bh7+
Kh8 30.Qh5 Kg7 31.Rxe5 Rxe5 32.Qxg4 Kf8 33.Bc2 Ke8 34.Nh7 Kd8 35.Nxf6 Qxf6
36.h5 Rg5 37.Qd4 e5 38.Qe3 Qh6 39.Bxa4 Kc7 40.c5 Kb8 41.Kb2 {#r} 1-0

[Event "TCh-FRA Top 12 2017"]
[Site "Chartres FRA"]
[Date "2017.05.22"]
[Round "5.4"]
[White "Colin,V"]
[Black "David,Alb"]
[Result "0-1"]
[WhiteElo "2381"]
[BlackElo "2548"]

1.d4 Nf6 2.Bf4 b6 3.Be5 e6 4.e3 Bb7 5.Nd2 d6 6.Bxf6 Qxf6 7.Ngf3 Nd7 8.Bb5 Qe7
9.Qe2 a6 10.Bxd7+ Qxd7 11.e4 Be7 12.c4 O-O 13.O-O c5 14.d5 f5 15.Rfe1 Rae8
16.dxe6 Qxe6 17.exf5 Qxf5 18.Qe6+ Qxe6 19.Rxe6 Bc8 20.Re3 Bf6 21.Rae1 Rxe3
22.Rxe3 Bf5 23.h3 h5 24.h4 Rd8 25.Ra3 Ra8 26.Rb3 Rb8 27.Ra3 a5 28.Re3 Bxb2
29.Re7 Bf6 30.Ra7 Kf8 31.g3 Re8 32.Rb7 Bd8 33.Ng5 Bxg5 34.hxg5 Re1+ 35.Kg2 Re2
36.g4 hxg4 37.Rb8+ Kf7 38.Nf1 Be4+ 39.Kg3 Rxa2 40.Rxb6 Ke6 41.Ne3 Bf3 42.Ra6
g6 43.Ra7 a4 44.Rg7 Be4 45.Nxg4 a3 46.Ra7 Ra1 47.Kf4 Bd3 48.Ne3 a2 49.f3 Bxc4
50.Nxc4 Rc1 51.Rxa2 Rxc4+ 52.Kg3 Kf5 53.Ra6 Rd4 54.f4 Rd3+ 55.Kh4 Kxf4 56.Ra8
c4 57.Rc8 Rd4 {#R} 0-1

[Event "TCh-FRA Top 12 2017"]
[Site "Chartres FRA"]
[Date "2017.05.22"]
[Round "5.4"]
[White "Barbini,D"]
[Black "Marcelin,C"]
[Result "0-1"]
[WhiteElo "2101"]
[BlackElo "2472"]

1.Nf3 g6 2.g3 Bg7 3.Bg2 e5 4.d3 Ne7 5.O-O O-O 6.c4 c6 7.Nc3 d6 8.Qc2 h6 9.b3
f5 10.e3 g5 11.Bb2 Ng6 12.Ne2 Nd7 13.b4 Nf6 14.b5 c5 15.Nd2 h5 16.d4 e4
17.Rad1 Qe7 18.Nc3 Be6 19.Rfe1 h4 20.f3 hxg3 21.fxe4 gxh2+ 22.Kh1 Ng4 23.Nf1
fxe4 24.Rd2 Nh4 25.Nxh2 Nxh2 26.Kxh2 Nf3+ 27.Bxf3 exf3 28.Qe4 Qf7 29.Kg3 Rae8
30.Rh1 Bh3 31.Qd5 g4 32.Nd1 Qxd5 33.cxd5 cxd4 34.Bxd4 Bxd4 35.Rxd4 f2 36.Nxf2
Rxe3+ {#R} 0-1

[Event "TCh-FRA Top 12 2017"]
[Site "Chartres FRA"]
[Date "2017.05.22"]
[Round "5.4"]
[White "Godart,F"]
[Black "Rodon,G"]
[Result "1-0"]
[WhiteElo "2404"]
[BlackElo "2047"]

1.d4 Nf6 2.Nf3 e6 3.Nbd2 c5 4.e3 b6 5.Bd3 d5 6.b3 Be7 7.Bb2 O-O 8.O-O Bb7
9.Ne5 Ne4 10.Bxe4 dxe4 11.dxc5 Bxc5 12.Qg4 f5 13.Qg3 Qe7 14.Rfd1 Nc6 15.Nxe4
Nxe5 16.Nxc5 Qxc5 17.Bxe5 Rf7 18.Rd2 b5 19.Rad1 Bd5 20.c3 a5 21.Rd4 Re8 22.h4
Qa7 23.h5 h6 24.Qg6 Qe7 25.c4 bxc4 26.bxc4 Bc6 27.Rd6 Ba4 28.R1d4 Qg5 29.c5
Bb5 30.Rb6 Be2 31.c6 Bxh5 32.Qxg5 hxg5 33.c7 Rc8 34.Rd8+ Rf8 35.Rb8 {#r} 1-0

[Event "TCh-FRA Top 12 2017"]
[Site "Chartres FRA"]
[Date "2017.05.22"]
[Round "5.4"]
[White "Marchadour,E"]
[Black "Leconte,M"]
[Result "0-1"]
[WhiteElo "2097"]
[BlackElo "2174"]

1.e4 c5 2.Nf3 Nc6 3.d4 cxd4 4.Nxd4 Qb6 5.Nb3 Nf6 6.Nc3 e6 7.Be3 Qc7 8.Bd3 a6
9.O-O Be7 10.f4 d6 11.a4 b6 12.Qf3 h5 13.e5 Ng4 14.Be4 d5 15.Bxd5 exd5 16.Nxd5
Qb7 17.Bxb6 Bd8 18.a5 Ne7 19.Bxd8 Nxd5 20.Nc5 Qb5 21.Qxd5 Bb7 22.Qd6 Rxd8
23.Nxb7 Qxb7 24.Qb6 Qd5 25.e6 fxe6 26.Rae1 Kf7 27.c3 Rd6 28.Qa7+ Kf6 29.f5 e5
30.h3 Nh6 31.Qf2 Qc4 32.Qg3 Nf7 33.Qg6+ Ke7 34.Qxg7 Qc5+ 35.Kh1 Rf6 36.Qg3
Qxa5 37.Qf3 Qb6 38.Qd5 Rd8 39.Qc4 Rd2 40.Re2 Qxb2 41.Qc7+ Kf8 42.Qc8+ Kg7
43.Rxd2 Qxd2 44.Rf3 Qe1+ 45.Kh2 h4 46.Qc4 e4 47.Rf1 Qg3+ 48.Kh1 Qd3 49.Qxd3
exd3 50.g4 hxg3 51.Kg2 Rc6 52.Kxg3 Rxc3 53.Kf4 Kf6 54.Ke4 Ne5 55.Rb1 d2
56.Rb6+ Rc6 {#R} 0-1